Lukács György egyetemi tanár, népművelési miniszter üzenete a magyar ifjúságnak

Elmentve itt :
Bibliográfiai részletek
További közreműködők: Lukács György
Adatforrás:Philobibl
Forrásdokumentuma:Szabad Ifjúság
1956:okt. 28. (rendkívüli kiadás) 1. p.
Dokumentumtípus: Cikk
Nyelv:magyar
Kulcsszavak:forradalom, Magyarország, 1956
politikai propaganda
LEADER 00433nab a2200121 c 4500
001 bibPHI0038558
005 20230921143251.2
008 100614s1956 hu hun
245 0 0 |a Lukács György egyetemi tanár, népművelési miniszter üzenete a magyar ifjúságnak 
695 |a forradalom, Magyarország, 1956 
695 |a politikai propaganda 
700 1 |a Lukács György 
773 0 |t Szabad Ifjúság  |g 1956:okt. 28. (rendkívüli kiadás) 1. p.